Znižovanie rizík podnikania pomocou rôznych produktov poistenia bakalárska práca

Uložené v:
Podrobná bibliografia
Hlavný autor: Parobeková, Veronika
Korporativný autor: Národohospodárska fakulta EU. Katedra poisťovníctva
Ďalší autori: Snopková, Andrea, 1987-
Médium: Kniha
Jazyk:Slovak
Vydavateľské údaje: Bratislava 2025
Tagy: Pridať tag
Žiadne tagy, Buďte prvý, kto otaguje tento záznam!

MARC

LEADER 00000nbm a2200000 4500
001 0309331
005 20251021132919.5
041 0 |a slo 
044 |a SK 
245 1 0 |a Znižovanie rizík podnikania pomocou rôznych produktov poistenia  |b bakalárska práca  |c Veronika Parobeková ; školiteľ: Andrea Snopková 
264 1 |a Bratislava  |c 2025 
300 |a 47 s. 
100 1 |a Parobeková, Veronika 
700 1 |a Snopková, Andrea, 1987- 
710 2 |a Národohospodárska fakulta EU. Katedra poisťovníctva